000 00244nam a2200097Ia 4500
001 646862
005 20250826153651.0
008 250824s9999 xx 000 0 und d
245 0 _aSON KAHRAMANLAR
_cRECEP ŞÜKRÜ APUHAN
260 _bTİMAŞ TARİH
999 _c646862
_d646862